Countries by Region #2 - Statistics

General Stats
  • This quiz has been taken 76 times
    55 since last reset
  • The average score is 36 of 41
Answer Stats
Answer % Correct
Austria
98%
Germany
98%
Canada
95%
Iran
95%
Oman
95%
United States
95%
Yemen
95%
Bahamas
93%
Hungary
93%
Iraq
93%
Qatar
93%
Syria
93%
Bahrain
90%
Israel
90%
Jordan
90%
Kuwait
90%
Saint Kitts and Nevis
90%
Saudi Arabia
90%
Switzerland
90%
Turkey
90%
United Arab Emirates
90%
Dominica
88%
Egypt
88%
Jamaica
88%
Saint Lucia
88%
Saint Vincent and the Grenadines
88%
Slovakia
88%
Antigua and Barbuda
85%
Luxembourg
85%
Barbados
83%
Belgium
83%
Czech Republic
83%
Grenada
83%
Lebanon
83%
Liechtenstein
83%
Netherlands
80%
Poland
80%
Trinidad and Tobago
80%
Belize
78%
Cyprus
59%
Guyana
56%
No matching quizzes found
Score Distribution
Percent of People with Each Score
Percentile by Number Answered
Your Score History
You have not taken this quiz since the last reset